Online Catalogue and eLibrary

Why live in fear : (Record no. 2951)

MARC details
000 -LEADER
fixed length control field 00257nam a2200097Ia 4500
008 - FIXED-LENGTH DATA ELEMENTS--GENERAL INFORMATION
fixed length control field 240331s9999 xx 000 0 und d
082 ## - DDC Classification
Item Number - Author Mark WHY
100 ## - MAIN ENTRY--PERSONAL NAME
Personal name Perera, Marlene,. editor
245 #0 - TITLE STATEMENT
Title Why live in fear :
Remainder of title Women speak out-Logos-Vol. 35,No.1
942 ## - Koha item type (Biblio)
Koha item type Books in Stacks (Lending)
Holdings
Lost status Damaged status Collection code Home library Current library Shelving location Date acquired Full call number Accession Number Item type
    Lending WERC Library WERC Library Social Science Cupboard 03/31/2024 362.8 WHY 4685 Books in Stacks (Lending)

© WERC Library